Bienvenue au Catalogue en Ligne des Bibliothèques de l'Universite du Burundi

Learners' opinions about grammar and reading comprehension at the upper level of Burundi Secondary schools : case of the arts section (Record no. 25067)

000 -GUIDE
Champ de contrôle de longueur fixe 01050caa a22002177a 4500
003 - IDENTITÉ DU NUMÉRO DE CONTRÔLE
Champ de contrôle BI-BuBU
008 - ÉLÉMENTS DE LONGUEUR FIXE - RENSEIGNEMENTS GÉNÉRAUX
Champ de contrôle de longueur fixe 140314s2006 bd ||||| |||| 00| 0 eng d
039 ## - NIVEAU DE CONTRÔLE BIBLIOGRAPHIQUE ET HISTORIQUE D'ENCODAGE [OBSOLETE]
Date creation 20140318102251.0
Nom catalographe Verhasselt
040 ## - SOURCE DU CATALOGAGE
Organisme qui a effectué le catalogage original BI-BuBU
Code de la langue utilisée dans le catalogage fre
Organisme qui a effectué la transcription BI-BuBU
080 0# - INDICE DE LA CLASSIFICATION DÉCIMALE UNIVERSELLE (CDU)
Indice de la Classification décimale universelle 372.880.20
100 1# - VEDETTE PRINCIPALE - NOM DE PERSONNE
Code de relation aut
Nom de personne Tiri, Marie Rose
245 10 - MENTION DU TITRE
Titre Learners' opinions about grammar and reading comprehension at the upper level of Burundi Secondary schools : case of the arts section
Mention de responsabilité, etc. Marie Rose Tiri
260 ## - PUBLICATION, DIFFUSION, ETC. (ADRESSE BIBLIOGRAPHIQUE)
Lieu de publication, diffusion, etc. Bujumbura
Nom de l'éditeur, diffuseur, etc. University of Burundi, Institute of applied pedagogy, departement of english
Date of publication, distribution, etc 2006
300 ## - DESCRIPTION MATÉRIELLE
Collation VI - 69 f.
Dimensions 30 cm.
502 ## - NOTE DE THÈSE OU MÉMOIRE
Note de thèse A Thesis submitted in partial fulfilment of the requirements for the award of the degree "Licence en pédagogie appliquée, agrégé de l'enseignement secondaire en Anglais"
650 #7 - VEDETTE-MATIÈRE - NOM COMMUN
Vedette de sujet ou vedette comportant un nom géographique Anglais (langue). Grammaire. Enseignement. Ecole secondaire. Burundi
650 #7 - VEDETTE-MATIÈRE - NOM COMMUN
Vedette de sujet ou vedette comportant un nom géographique CUD. DataWinIsis. Verhasselt
942 ## - ÉLÉMENTS D'ENTRÉE ADDITIONNELLE (KOHA)
Type d item koha BOOK
Holdings
Statut de retrait Statut de perte Source de la classification ou du système de rangement Statut de déterioration Exclu du prêt Numéro d item Koha Localisation permanente Localisation actuelle Date d'acquisition Source d'acquisition Nombre de prêts Cote Code-barres Date last seen Numéro d'exemplaire Prix en vigueur à partir du Type d item koha Numero d'inventaire
        Not For Loan 37458 Bibliothèque Centrale Bibliothèque Centrale 25/03/2014 Don de l'auteur   R.372.880.20.TIR. 5010000728700 25/03/2014 1 25/03/2014 Memoire 197061
© 2019-2026 - Bibliothèques de l'Université du Burundi |Tous droits réservés
home | Pour toute information urgente Contactez nous | tel whatsupp: +25779204313